K dvom významom pojmu zodpovednosť

Zodpovednosť a autonómia. Zodpovednosť ako pripísateľnosť. Zodpovednosť ako vzťah garancie.

Na minha lista:
Detalhes bibliográficos
Autor principal: Smreková, Dagmar
Formato: Capítulo de Livro
Idioma:eslovaco
Assuntos:
Tags: Adicionar Tag
Sem tags, seja o primeiro a adicionar uma tag!

MARC

LEADER 00000naa a2200000 4500
001 r042921
005 20230925103229.3
041 0 |a slo 
044 |a SK 
245 1 0 |a K dvom významom pojmu zodpovednosť  |c Dagmar Smreková 
520 |a Zodpovednosť a autonómia. Zodpovednosť ako pripísateľnosť. Zodpovednosť ako vzťah garancie. 
610 2 0 |a filozofia 
610 2 0 |a zodpovednosť 
610 2 0 |a zodpovednosť osobná 
610 2 0 |a zodpovednosť spoločenská 
610 2 0 |a autonómia 
100 1 |a Smreková, Dagmar